Statistics for Argentina A-Z

Click here to take the quiz!

General Stats

  • This quiz has been taken 637 times
    (594 since last reset)
  • The average score is 15 of 26

Answer Stats

HintAnswer% Correct
BCapital city and most populous cityBuenos Aires
98%
FIsland group fought which Argentina fought over against the British in 1982Falklands
92%
TPopular dance originated in ArgentinaTango
91%
M"Hand of God" footballerMaradona
85%
ENickname for the wife of President PerónEvita
81%
SChemical element after which Argentina was namedSilver
81%
GTerm for a cowboy from the PampasGaucho
80%
OEight in SpanishOcho
80%
PSemi-arid region in southern Argentina shared with ChilePatagonia
80%
NThousand members of this political party settled in Argentina after WWIINazis
76%
IFamous waterfall on the Brazilian borderIguazu Falls
69%
CSecond most populous cityCordoba
64%
ATallest mountain in the AmericasAconcagua
60%
URiver that makes most of the eastern land borders of ArgentinaUruguay
50%
WArgentina is the largest producer of this popular liquorWine
48%
REstuary B is situated onRio de la Plata
47%
YPlant used to make "maté"Yerba
45%
QEthnicity of 55,500 ArgentiniansQuechua
43%
HTerm for a large estateHacienda
41%
KLast name of husband and wife who both served as President of ArgentinaKirchner
41%
LWhat Argentina calls FLas Islas Malvinas
37%
VPolitical party both of the K were part of: Frente para la _______Victoria
37%
JRemote province that contains the northernmost point in ArgentinaJujuy
31%
ZTraditional Argentinian danceZamba
23%
DWater passage in the southDrake
20%
XRugby team: Argentina ____XV
8%

Score Distribution

Percentile by Number Answered

Percent of People with Each Score

Your Score History

You have not taken this quiz since the last reset